000 02209cam a22004454i 4500
003 PE-LiUPU
005 20250731172940.0
008 150623s r 000 0 d
020 _a0310490804
035 _a(Sirsi) i9780310490807
040 _aPE-LiUPU
_bspa
_cPE-LiUPU
_erda
049 _aPRUA
082 0 4 _a221.6
_bB27
_221
100 1 _aBaylis, Albert H.,
_eautor.
245 1 0 _aFrom creation to the cross :
_bunderstanding the first half of the Bible /
_cAlbert H. Baylis.
264 1 _aMichigan :
_bZondervan Publishing House,
_c1996.
300 _a392 páginas :
_bilustraciones, cuadros, gráficos ;
_c24 centímetros
336 _atext
_2rdacontent
337 _aunmediated
_2rdamedia
338 _avolume
_2rdacarrier
505 0 _aThe god of creation (Genesis 1). - The story of human relationship (Genesis 2-3). - The effects of sin: loss of order and balance(Genesis 3-11). - A new beginning (Genesis 12-50). - A redeemed people (Exodus).- A New nation: The law (Exodus-Numbers). -Living the life: The challenge of Deuteronomy. - Living by faith (Joshua, Judges,and Ruth). -Modification to monarchy(Samuel). - Nation heading for Judgment (Kings). -Posgradoraise and petition (the Psalms). - Prudent living (Proverbs, Job, Ecclesiastes, song of songs). - The propers of the divided kingdom. - The propers of Judah and exile. - A peg in the holy place (Ezra-Nehemiah, Chronicles, Esther). - The second temple (Haggai, Zechariah, Malachi). -Themes for the future: New testament update.
526 _aSEG42
526 _aSEG41
526 _aSEG40
526 _aSEG39
526 _aP94
526 _aP87
526 _aP86
526 _aP85
526 _aP77
526 _aP76
526 _aP35
630 _aBiblia.
_pA.T.
_xCrítica, interpretación, etc.
942 _2ddc
_cBOOK
949 _a221.6 B27
_wDEWEY
_c1
_i44535
_lCCODEBUL1
_mBUL
_r0
_sY
_tBOOK
_u2015-6-24
_xTEOLOGIA
_PP35
_0COMPRA
_o.STAFF. Colección General
994 _aC0
_bPEPRU
596 _a1
999 _a221.6 B27
_wDEWEY
_c21418
_i44535
_f2021-11-9
_g5
_lCCODEBUL1
_mBUL
_r0
_sY
_tBOOK
_u2015-6-24
_xTEOLOGIA
_PP35
_0COMPRA
_o.STAFF. Colección General
_d21418
980 _81
_gALBERTO SANCHEZ Responsable de Automatización